| 000 | 01033nam a2200301 i 4500 | ||
|---|---|---|---|
| 001 | bg | ||
| 100 | 1 |
_aTaylor, John R. _d(1939- ). |
|
| 245 | 1 | 0 |
_aWstęp do analizy błędu pomiarowego / _cJohn R. Taylor ; z ang. tł. Adam Babiński, Rafał Bożek. |
| 246 |
_iTyt. oryg.: _aAn introduction to error analysis |
||
| 260 |
_aWarszawa : _bWydaw. Naukowe PWN, _c1995. |
||
| 300 |
_a296, [3] s. : _bwykr. ; _c25 cm. |
||
| 500 | _aOryg. : "An introduction to error analysis" 1982. | ||
| 504 | _aBibliogr. s. 279. - Indeks. | ||
| 650 | 9 |
_aBłędy _xteoria |
|
| 650 | 9 |
_aPomiary _xbłędy _xteoria |
|
| 650 | 9 |
_aRachunek prawdopodobieństwa _xstosowanie _xfizyka |
|
| 650 | 9 |
_aStatystyka matematyczna _xstosowanie _xfizyka |
|
| 655 | _aPodręczniki akademickie | ||
| 700 | 1 |
_aBABIŃSKI, Adam. _eTł. |
|
| 700 | 1 |
_aBOŻEK, Rafał. _eTł. |
|
| 020 | _a8301118202 | ||
| 040 | _cBPK | ||
| 041 | 1 |
_apl _hen |
|
| 080 | _a53.08:389:519.2](075.8) | ||
| 920 | _a83-01-11820-2 | ||
| 942 | _cKS | ||
| 008 | s pl f |000 0 pol | ||
| 999 |
_c24461 _d24461 |
||
| 856 |
_uhttp://koha.tu.koszalin.pl/cgi-bin/koha/opac-detail.pl?biblionumber=24461 _yKatalog online BPK |
||